|
|
|
|
| LEADER |
00000nam0a2200000 4500 |
| 001 |
153786 |
| 005 |
20231101221722.0 |
| 010 |
|
|
|a 9785388006202
|
| 035 |
|
|
|a (RuTPU)RU\TPU\book\166829
|
| 090 |
|
|
|a 153786
|
| 100 |
|
|
|a 20090216d2009 m y0rusy50 ca
|
| 101 |
0 |
|
|a rus
|
| 102 |
|
|
|a RU
|
| 105 |
|
|
|a a j 001zy
|
| 200 |
1 |
|
|a Философия
|e учебник
|f А. С. Кармин, Г. Г. Бернацкий
|
| 205 |
|
|
|a 2-е изд.
|
| 210 |
|
|
|a СПб.
|a Москва
|a Воронеж
|a Ростов-на-Дону
|a Екатеринбург
|a Самара
|a Новосибирск
|a Киев
|a Харьков
|a Минск
|a Нижний Новгород
|c Питер
|d 2009
|
| 215 |
|
|
|a 558 с.
|c ил.
|
| 225 |
1 |
|
|a Учебник для вузов
|
| 320 |
|
|
|a Именной и терминологический указатель: 549-558.
|
| 330 |
|
|
|a Учебник, написанный в соответствии с Государственным образовательным стандартом по философии, раскрывает все основные вопросы курса. В первой его части дается общая характеристика философии. Вторая часть посвящена основным подходам к решению философских проблем. В третьей части излагается содержание главных ветвей современного философского знания: философской антропологии, социальной философии, гносеологии, онтологии, философии и методологии научного познания. Книга начинается с доступного изложения азов философии и подводит читателя к пониманию наиболее абстрактных ее идей. Издание имеет гриф Министерства образования РФ и предназначено для студентов, школьников-старшеклассников и всех, кто интересуется философской проблематикой.
|
| 606 |
1 |
|
|a Философия
|2 stltpush
|3 (RuTPU)RU\TPU\subj\63880
|9 80812
|
| 610 |
1 |
|
|a теория
|
| 610 |
1 |
|
|a методология
|
| 610 |
1 |
|
|a мировоззрение
|
| 610 |
1 |
|
|a культура
|
| 610 |
1 |
|
|a бытие
|
| 610 |
1 |
|
|a познание
|
| 610 |
1 |
|
|a рационализм
|
| 610 |
1 |
|
|a материализм
|
| 610 |
1 |
|
|a философская антропология
|
| 610 |
1 |
|
|a социальная философия
|
| 610 |
1 |
|
|a истина
|
| 610 |
1 |
|
|a гносеология
|
| 610 |
1 |
|
|a наука
|
| 610 |
1 |
|
|a научное знание
|
| 610 |
1 |
|
|a антология
|
| 610 |
1 |
|
|a материя
|
| 610 |
1 |
|
|a явления
|
| 610 |
1 |
|
|a сущность
|
| 610 |
1 |
|
|a бесконечность
|
| 610 |
1 |
|
|a учебники
|
| 686 |
|
|
|a Ю0/3я73
|v LBC/SL-A
|2 rubbk
|
| 700 |
|
1 |
|a Кармин
|b А. С.
|g Анатолий Соломонович
|
| 701 |
|
1 |
|a Бернацкий
|b Г. Г.
|g Георгий Генрихович
|
| 801 |
|
1 |
|a RU
|b 63413507
|c 20090216
|g PSBO
|
| 801 |
|
2 |
|a RU
|b 63413507
|c 20150818
|g PSBO
|
| 900 |
|
|
|a Философия
|
| 942 |
|
|
|c BK
|
| 951 |
|
|
|a 510000
|a 520000
|a 550000
|
| 955 |
|
|
|a 510000
|a 520000
|a 550000
|
| 959 |
|
|
|a 27/20090216
|d 2
|e 183,00
|f АНЛ:1
|f ЧЗГЛ:1
|